000 01158nam0a22003011 4500
001 RU\INFOCOMM_327\NLR\5000011962
005 20250613103309.0
035 _a(NLR Aleph) 009462705
090 _a8477008
_c8477008
100 _a20121212d1985 |||y0rusy50 ca
101 0 _ager
102 _aRU
_aDE
105 _ay z |||||
200 1 _aDer dritte Weltkrieg?
_eReale u. scheinhare Gefahren
_fWadim Kortunow
_g[Dt. von D. Gabrielan u. A. Kossarew]
210 _aM.
_cProgress
_a[Berlin]
_cStaatsverl. der DDR
_d1985
215 _a215 с.
_d20 см
300 _aНа обороте тит. л.: Третья мировая война: Угрозы реал. и мнимые / В. Кортунов
320 _aБиблиогр. в примеч.: с. 211-214
606 0 _aМеждународные отношения
_z20 в.
_9906928
_3RU\NLR\AUTH\6610817
620 _aМосква
686 _aТ3(0)63-601
_2rubbk
700 1 _9z01790
_aKortunov
_bV. V.
_f1918-
_gVadim Vasil'evič
790 1 _9z01700
_aKortunow
_bW.
_gWadim
_4070
801 1 _aRU
_bNLR
_c20121212
801 0 _aRU
_bINFOCOMM
_gPSBO
852 _aNLR
_jИ25 Д-3/539
942 _cBOOK
980 _aNB